00848cam a22002531 450000100060000000300080000600500170001400800390003103500190007003500180008904000290010704100080013608200180014410000340016224501130019625000180030926000400032730000370036750000690040450000200047365000490049365000310054270000210057318098BD-RjUL20211209000233.0140219s1952 maua 001 1 eng a(BD-RjUL)18156 a(OCoLC)317951 aDLCcODaWUdBD-RjULbeng aeng00a808bFOW 19521 aFoerster, Norman,d1887-1972.10aWriting and thinking :ba handbook of composition and revision /cby Norman Foerster and J. M. Steadman, Jr. a5th ed., rev. aBoston :bHoughton Mifflin,cc1952. axiii, 448 p. :billus. ;c21 cm. aFirst ed. published in 1919 under title: Sentences and thinking. aIncludes index. 0aEnglish languagexComposition and exercises. 0aEnglish languagexGrammar.1 aSteadman, J. M.